LEADER 03632nam 2200613 450 001 9910463429203321 005 20200520144314.0 010 $a0-7983-0388-3 010 $a0-7983-0405-7 035 $a(CKB)2670000000489888 035 $a(EBL)1561409 035 $a(OCoLC)863204247 035 $a(SSID)ssj0001152262 035 $a(PQKBManifestationID)11627330 035 $a(PQKBTitleCode)TC0001152262 035 $a(PQKBWorkID)11148991 035 $a(PQKB)10850888 035 $a(MiAaPQ)EBC1561409 035 $a(OCoLC)870684317 035 $a(MdBmJHUP)muse32716 035 $a(Au-PeEL)EBL1561409 035 $a(CaPaEBR)ebr10803470 035 $a(EXLCZ)992670000000489888 100 $a20111102d2013 uy 0 101 0 $aeng 135 $aur|n|---||||| 181 $ctxt 182 $cc 183 $acr 200 04$aThe African Union ten years after $esolving African problems with Pan-Africanism and the African renaissance /$feditec by Mammo Muchie, Phindile Lukhele-Olorunju and Oghenerobor Akpar 210 1$aPretoria, South Africa :$cAfrica Institute of South Africa,$d2013. 215 $a1 online resource (566 p.) 300 $aDescription based upon print version of record. 311 $a0-7983-0387-5 320 $aIncludes bibliographical references. 327 $aPreface / Mammo Muchie, Phindile Lukhele-Olorunju and Oghenerobor Akpor -- Abbreviations and acronyms -- About the contributors -- Introduction : the African Union ten years after : solving African problems with pan-Africanism and the African Renaissance -- From the OAU to the African Union : state, nation, society and good governance in Africa -- Peace and security architecture and its impact on Africa -- Africa in the world economy/Africa in the world trading system -- Afro-politianism, Afro-centricity, and the African diaspora -- Conclusion : beyond state and geography : building the African Union with the African people to realise the African Renaissance / Mammo Muchie, Phindile Lukhele-Olorunju and Oghenerobor Akpor -- Annex 1. The Second Tshwane Declaration, 2012. 330 $aThis book looks at the first ten years of the African Union. This is the second in a series of books that will be produced each year from annual conferences held on the multi-faceted issue of African liberation. The key themes of the book explore ways of improving the effectiveness of the African Union, fostering unity amongst African countries through entrenchment of pan-Africanism, and building ownership of the African Union by the African people and their communities. In addition, the thoughts of key figures of pan-Africanism and black emancipation, such as Sylvester Williams and Franz Fanon, are re-positioned to even greater contemporary relevance. Through its promotion of Ethiopianism, pan-Africanism and the African renaissance, we trust that this book will add new interest and a fresh perspective to how Africans move forward together into a post-colonial era where policies and actions are determined by the united agency of liberated Africans the world over. 606 $aGlobalization$zAfrica 606 $aPan-Africanism 608 $aElectronic books. 615 0$aGlobalization 615 0$aPan-Africanism. 676 $a341.24 676 $a341.249 701 $aMuchie$b Mammo$0861349 701 $aLukhele-Olorunju$b Phindile$0982540 701 $aAkpar$b Oghenerobor$0982541 801 0$bMiAaPQ 801 1$bMiAaPQ 801 2$bMiAaPQ 906 $aBOOK 912 $a9910463429203321 996 $aThe African Union ten years after$92242404 997 $aUNINA LEADER 04585nam 22005895 450 001 9910380738903321 005 20200702075908.0 010 $a981-15-1424-0 024 7 $a10.1007/978-981-15-1424-1 035 $a(CKB)4100000010349040 035 $a(MiAaPQ)EBC6038359 035 $a(DE-He213)978-981-15-1424-1 035 $a(EXLCZ)994100000010349040 100 $a20200203d2020 u| 0 101 0 $aeng 135 $aurcnu|||||||| 181 $ctxt$2rdacontent 182 $cc$2rdamedia 183 $acr$2rdacarrier 200 10$aIntegrity, Transparency and Corruption in Healthcare & Research on Health, Volume I /$fedited by K?ymet Tunca Çal?yurt 205 $a1st ed. 2020. 210 1$aSingapore :$cSpringer Singapore :$cImprint: Springer,$d2020. 215 $a1 online resource (266 pages) 225 1 $aAccounting, Finance, Sustainability, Governance & Fraud: Theory and Application,$x2509-7873 300 $aIncludes index. 311 $a981-15-1423-2 327 $a1. Transparency and Conflicts in Science: History of Influence, Scandal, and Denial -- 2. The Health Impact Fund and the Problem of Corruption in the Global Pharmaceutical Sector -- 3. Outsourced Services in Private Healthcare Organizations and ISAE 3402 Assurance Engagement: A Research Focused on Turkey -- 4. Revisiting Accountability: Corruption in Healthcare in Developing Countries -- 5. Corruption of the Canadian drug regulatory system -- 6. Professional ethics, professionalization and regulation of Pharmaceutical Sales Representatives, Analyzing the Costa Rican Case -- 7. Exploring Accountability and Transparency within International Organizations: What Do We Know and What do we Need to Know? -- 8. Medical Ghost- and Guest-Writing as Corrupt Practices and How to Prevent Them -- 9. Fraudulent Misrepresentation and Fraudulent Concealment in Products Liability in Tort Law in Canada: The Special Relationship between Drug Companies and Consumers in the Context of the Fraudulent Misrepresentation and Fraudulent Concealment of Data -- 10. The Role of Procurement Department in Governmental Hospital -- 11. Communicating Integrity framework information on Malaysian private hospitals? websites. 330 $aThis book grapples with the numerous risks organizations face in order to succeed. These include economic risks, disaster risks, supply-chain risks, regulatory risks, and technology risks, all of which affect organizations in different ways and in varying degrees. Referencing Mahatma Gandhi?s seven unethical behaviors in the business world?wealth without work, pleasure without conscience, knowledge without character, commerce without morality, science without humanity, religion without sacrifice, and politics without principle?the authors analyze the healthcare sector. As competition in the health sector increases, there has also been a rise in unethical behavior. Corruption in the health sector results in severe consequences as it could affect the health of millions. This volume explores fraud schemes and cases, legislation to avoid cheating, lack of law, transparency, ethical issues, corporate governance and transparency in the health and pharmaceutical sector bringing together the perspectives of practitioners, professionals, as well as academic authors. 410 0$aAccounting, Finance, Sustainability, Governance & Fraud: Theory and Application,$x2509-7873 606 $aResearch?Moral and ethical aspects 606 $aHealth services administration 606 $aHealth services administration 606 $aCorporate governance 606 $aResearch Ethics$3https://scigraph.springernature.com/ontologies/product-market-codes/E14040 606 $aHealth Care Management$3https://scigraph.springernature.com/ontologies/product-market-codes/527030 606 $aCorporate Governance$3https://scigraph.springernature.com/ontologies/product-market-codes/511020 615 0$aResearch?Moral and ethical aspects. 615 0$aHealth services administration. 615 0$aHealth services administration. 615 0$aCorporate governance. 615 14$aResearch Ethics. 615 24$aHealth Care Management. 615 24$aCorporate Governance. 676 $a362.1068 702 $aÇal?yurt$b K?ymet Tunca$4edt$4http://id.loc.gov/vocabulary/relators/edt 801 0$bMiAaPQ 801 1$bMiAaPQ 801 2$bMiAaPQ 906 $aBOOK 912 $a9910380738903321 996 $aIntegrity, Transparency and Corruption in Healthcare & Research on Health, Volume I$91921365 997 $aUNINA